000 00548nam a2200205Ia 4500
003 OSt
005 20230531094813.0
008 210423s2012 xx 000 0 und d
020 _a978-93-80626-67-3
040 _cAL
041 _aeng
082 _a364.132 3 SHAC
100 _aSHARMA (Laxmi).
_9117524
245 _aCorruption in India problems and solutions
260 _aNew Delhi
_bprateeksha Publications
_c2012
300 _av,250
_bPB
365 _b995
_cINR
906 _aCorruption ; India ; problems ; solutions
942 _2ddc
_cBK
999 _c176342
_d176342